000 01393nam0a22003131 4500
001 rc\318602
005 20260405060225.0
010 _a5-239-00749-7
_d1 р. 50 к.
_950000
021 _aRU
_b90-71120
035 _a(NLR Aleph) 005553334
090 _a5833995
_c5833995
100 _a20030307d1990 |||y0rusy50 ca
101 0 _arus
102 _aRU
105 _ay z||||||g|
200 1 _aВ тоске по идеалу
_eпародии
_fАлександр Иванов
210 _aМосква
_cМосковский рабочий
_d1990
215 _a142, [1] с.
_d17
327 0 _aРазделы: Прозаики и один драматург ; Одни поэты ; Народные депутаты : эпиграммы и посвящения
464 0 _12001#$aПрозаики и один драматург
_tПрозаики и один драматург
464 0 _12001#$aОдни поэты
_tОдни поэты
464 0 _12001#$aНародные депутаты$eэпиграммы и посвящения
_tНародные депутаты
700 1 _8rus
_7ca
_aИванов
_cпоэт-пародист
_bА. А.
_f1936-1996
_gАлександр Александрович
_3RU\NLR\AUTH\7719579
_92651
801 0 _aRU
_bNLR
_gpsbo
801 1 _aRU
_bELAR
_2rusmarc
801 2 _aRU
_bNLR
_c20150325
_2rusmarc
852 _aNLR
_j90-2/2868
942 _cBOOK
980 _aNB